ՀՀ Գիտությունների ազգային ակադեմիայի հիմնարար գիտական գրադարան  =   Fundamental Scientific Library of NAS RA

Закон родного очага : (Record no. 321344)

MARC details
000 -LEADER
fixed length control field 00699nam a2200205 a 4500
001 - CONTROL NUMBER
control field 000957401
003 - CONTROL NUMBER IDENTIFIER
control field AM-YeHGA
005 - DATE AND TIME OF LATEST TRANSACTION
control field 20250618074159.0
008 - FIXED-LENGTH DATA ELEMENTS--GENERAL INFORMATION
fixed length control field 130411s2013 ai a|||gr|||||||||1|rus|d
020 ## - INTERNATIONAL STANDARD BOOK NUMBER
International Standard Book Number 9789939700168
040 ## - CATALOGING SOURCE
Original cataloging agency AM-YeHGA
041 1# - LANGUAGE CODE
Language code of text/sound track or separate title rus
Language code of original arm
090 ## - LOCALLY ASSIGNED LC-TYPE CALL NUMBER (OCLC); LOCAL CALL NUMBER (RLIN)
-- 323083
100 1# - MAIN ENTRY--PERSONAL NAME
Personal name Սարգսյան, Լիպարիտ Տիգրանի,
Dates associated with a name 1938-2023
9 (RLIN) 1060
245 10 - TITLE STATEMENT
Title Закон родного очага :
Remainder of title Стихи : Перевод с армянского /
Statement of responsibility, etc. Л.Т. Саркисян.
260 ## - PUBLICATION, DISTRIBUTION, ETC.
Place of publication, distribution, etc. Ереван :
Name of publisher, distributor, etc. Ван Арьян,
Date of publication, distribution, etc. 2013.
300 ## - PHYSICAL DESCRIPTION
Extent 91 с. :
Other physical details ил. ;
Dimensions 17 см.
650 14 - SUBJECT ADDED ENTRY--TOPICAL TERM
Topical term or geographic name entry element Армянская литература
General subdivision Поэзия
942 ## - ADDED ENTRY ELEMENTS (KOHA)
Source of classification or shelving scheme Universal Decimal Classification
Koha item type Գրքեր / Books
Holdings
Withdrawn status Lost status Damaged status Not for loan Collection Home library Current library Date acquired Shelving control number Total checkouts Full call number Barcode Date last seen Price effective from Koha item type Public note
        General Fundamental Scientific Library Fundamental Scientific Library 09/01/2017     PI/64425 FL0270597 09/01/2017 09/01/2017 Գրքեր / Books 30 Days Loan
        General Fundamental Scientific Library Fundamental Scientific Library 09/01/2017     PI/64426 FL0270596 09/01/2017 09/01/2017 Գրքեր / Books 30 Days Loan


ՀՀ ԳԱԱ հիմնարար գիտական գրադարան
ՀՀ,Երևան 0019
Մարշալ Բաղրամյան 24/6
հեռախոս:(374-10) 52-47-50
Հետադարձ կապ

All site content, except where otherwise noted, is licensed under a
Creative Commons License